Statistiques concernant harry potter quiz FR (ry)

Cliquez ici pour prendre le quiz!

Statistiques générales

  • Ce quiz a été pris 387 fois
  • Le résultat moyen est 13 sur 15

Statistiques - réponses

Hint Answer % Correct
lily et james
99%
vifd'or
98%
fred et george
98%
chaudronbaveur
94%
crabbe etgoyle
94%
Arthur et molly
94%
harry et ron
93%
le placard sousl'escalier
93%
olivierdubois
91%
cabane hurlante
90%
barjow etbeurk
87%
dean etseamus
82%
cabane de hagrid
75%
lupin et sirius
74%
drago et pansy
61%

Distribution des résultats

Percentile by Number Answered

% des personnes avec chaque résultat

Votre développement - résultats

Vous n’avez pas pris ce quiz